[Event "AUT-chT2M 1415"]
[Site "Austria"]
[Date "2015.04.18"]
[Round "10.6"]
[White "Mostbauer, Florian"]
[Black "Fabian, Franz"]
[Result "1-0"]
[WhiteElo "2171"]
[BlackElo "1909"]
[PlyCount "85"]
[EventDate "2014.10.03"]
[EventType "team-tourn"]
[EventRounds "11"]
[EventCountry "AUT"]
[SourceTitle "EXT 2016"]
[Source "ChessBase"]
[SourceDate "2015.10.08"]
[SourceVersion "1"]
[SourceVersionDate "2015.10.08"]
[SourceQuality "1"]
[WhiteTeam "Ansfelden"]
[BlackTeam "Graz Strassenbahn"]
[WhiteTeamCountry "AUT"]
[BlackTeamCountry "AUT"]

1. c4 Nf6 2. g3 c5 3. Bg2 Nc6 4. Nc3 g6 5. e3 Bg7 6. Nge2 e5 7. 0-0 0-0 8. b3 d6 9. Bb2 Rb8 10. d4 exd4 11. exd4 Bf5 12. Na4 Qe7 13. Re1 Rfe8 14. dxc5 dxc5 15. Nf4 Qf8 16. Nd5 Rxe1+ 17. Qxe1 Nxd5 18. Bxg7 Kxg7 19. cxd5 Nb4 20. Qc3+ Kg8 21. Qxc5 Qxc5 22. Nxc5 b6 23. Na4 Rc8 24. Nb2 Nxa2 25. Nc4 Nb4 26. Nd6 Rc7 27. Nb5 Rc5 28. Nxa7 Nxd5 29. Nc6 Bc2 30. Bxd5 Bxb3 31. Ne7+ Kf8 32. Bxb3 Kxe7 33. Ra7+ Kd6 34. Rxf7 b5 35. Rxh7 Kc6 36. Rh6 b4 37. Rxg6+ Kb5 38. h4 Rc3 39. Rg5+ Kc6 40. Bg8 b3 41. Bxb3 Rxb3 42. Re5 Kd6 43. Re3 1-0

[Event "Graz Casino op-B"]
[Site "Graz"]
[Date "2014.02.16"]
[Round "3"]
[White "Fabian, Franz"]
[Black "Charaus, Florian"]
[Result "0-1"]
[WhiteElo "1949"]
[BlackElo "1849"]
[PlyCount "68"]
[EventDate "2014.02.14"]
[EventType "swiss"]
[EventRounds "9"]
[EventCountry "AUT"]
[SourceTitle "CBM 158 Extra"]
[Source "ChessBase"]
[SourceDate "2014.02.28"]
[SourceVersion "1"]
[SourceVersionDate "2014.02.28"]
[SourceQuality "1"]

1. d4 Nf6 2. Nf3 g6 3. c4 Bg7 4. g3 0-0 5. Bg2 c6 6. 0-0 d5 7. cxd5 cxd5 8. Nc3 Nc6 9. Re1 Re8 10. h3 Ne4 11. Qb3 Nxd4 12. Nxd4 Bxd4 13. Bxe4 dxe4 14. Nxe4 Be6 15. Qf3 Bd5 16. Qd3 Bxe4 17. Qxe4 Qb6 18. e3 Bf6 19. Rb1 Qa5 20. Re2 Qxa2 21. Bd2 Rad8 22. Bb4 a5 23. Bc5 Qd5 24. Qxd5 Rxd5 25. b4 Rc8 26. e4 Rd3 27. Kg2 e6 28. e5 Bg7 29. Bd6 a4 30. b5 Bf8 31. Ra2 Rc4 32. Rba1 Rdd4 33. b6 Bxd6 34. exd6 Kf8 0-1

[Event "Graz Casino op-B"]
[Site "Graz"]
[Date "2014.02.14"]
[Round "1"]
[White "Fabian, Franz"]
[Black "Fauland, Paulina"]
[Result "1-0"]
[WhiteElo "1949"]
[BlackElo "1484"]
[PlyCount "75"]
[EventDate "2014.02.14"]
[EventType "swiss"]
[EventRounds "9"]
[EventCountry "AUT"]
[SourceTitle "CBM 158 Extra"]
[Source "ChessBase"]
[SourceDate "2014.02.28"]
[SourceVersion "1"]
[SourceVersionDate "2014.02.28"]
[SourceQuality "1"]

1. d4 Nf6 2. c4 e6 3. Nc3 g6 4. g3 Bb4 5. Bd2 0-0 6. Bg2 c6 7. a3 Bxc3 8. Bxc3 d5 9. c5 Nbd7 10. Qc2 b5 11. b4 Qc7 12. Nf3 Re8 13. h3 h6 14. Ne5 Nf8 15. 0-0 Bd7 16. f4 Nh5 17. Rf3 Nf6 18. Rf2 Nh5 19. Kh2 Qd8 20. Bd2 Nf6 21. Raf1 a6 22. g4 Kg7 23. Bf3 N6h7 24. e4 f6 25. Nd3 g5 26. e5 f5 27. Rg2 Ng6 28. gxf5 exf5 29. Bh5 Re6 30. Rfg1 Nh4 31. Rg3 Ng6 32. Nf2 Nh4 33. fxg5 Nxg5 34. Bxg5 hxg5 35. Rxg5+ Kh6 36. Qd2 Nf3+ 37. Bxf3 Be8 38. Rh5# 1-0

[Event "Graz-chB"]
[Site "Graz"]
[Date "2013.01.12"]
[Round "1"]
[White "Fabian, Franz"]
[Black "Koeberl, Christian"]
[Result "0-1"]
[WhiteElo "1964"]
[BlackElo "1621"]
[PlyCount "171"]
[EventDate "2013.01.12"]
[EventType "swiss"]
[EventRounds "7"]
[EventCountry "AUT"]
[SourceTitle "EXT 2022"]
[Source "ChessBase"]
[SourceDate "2021.10.06"]
[SourceVersion "1"]
[SourceVersionDate "2021.10.06"]
[SourceQuality "1"]

1. Nf3 Nf6 2. d4 d5 3. g3 c6 4. Bg2 Bf5 5. c4 e6 6. 0-0 Be7 7. b3 Ne4 8. Bb2 Nd7 9. Nbd2 Ndf6 10. Ne5 0-0 11. f3 Nxd2 12. Qxd2 c5 13. h4 h6 14. Rad1 Rc8 15. Kf2 cxd4 16. Bxd4 Bc5 17. Bxc5 Rxc5 18. b4 Rc8 19. c5 b6 20. c6 Qd6 21. Qd4 Bc2 22. Rc1 Ba4 23. Rc3 Bxc6 24. g4 Nd7 25. f4 Nxe5 26. fxe5 Qe7 27. Rh1 Bb7 28. Bf3 Rxc3 29. Qxc3 Rc8 30. Qd2 f6 31. g5 hxg5 32. hxg5 fxg5 33. Qd3 Qf7 34. Qh7+ Kf8 35. Kg2 Ke7 36. Bh5 Qg8 37. Qg6 d4+ 38. Bf3 Bxf3+ 39. exf3 Qf7 40. Qxg5+ Kd7 41. Rd1 Rc4 42. a3 Kc7 43. Qg4 Qd7 44. Rd3 Kc6 45. Qe4+ Qd5 46. Qg4 Qxe5 47. f4 Qe4+ 48. Qf3 Qxf3+ 49. Kxf3 Kd5 50. Kf2 Ke4 51. Rg3 Rc7 52. Rg4 Rd7 53. Rh4 b5 54. Rg4 Rc7 55. f5+ Kxf5 56. Rxd4 Ke5 57. Rd8 Rb7 58. Ke3 Rc7 59. Kd3 Rb7 60. Ke3 g5 61. Rg8 Kf5 62. Rf8+ Kg4 63. Rf1 Rc7 64. Rg1+ Kf5 65. Rf1+ Ke5 66. Kd3 g4 67. Re1+ Kd5 68. Rh1 Rg7 69. Rg1 g3 70. Rg2 e5 71. Ke3 Kc4 72. Ke4 Kb3 73. Kxe5 Kxa3 74. Kd4 Kxb4 75. Rb2+ Ka5 76. Rg2 b4 77. Kc4 Rg4+ 78. Kb3 Kb5 79. Kb2 a5 80. Kb3 a4+ 81. Kb2 Kc4 82. Rc2+ Kd3 83. Rg2 Ke3 84. Rc2 g2 85. Rc1 g1Q 86. Re1+ 0-1

[Event "Steyr Landesliga 1213"]
[Site "Austria"]
[Date "2012.11.17"]
[Round "4.7"]
[White "Kiss, Balint"]
[Black "Fabian, Franz"]
[Result "1-0"]
[WhiteElo "1862"]
[BlackElo "1964"]
[PlyCount "97"]
[EventDate "2012.09.22"]
[EventType "team-tourn"]
[EventRounds "11"]
[EventCountry "AUT"]
[SourceTitle "EXT 2014"]
[Source "ChessBase"]
[SourceDate "2013.11.20"]
[SourceVersion "1"]
[SourceVersionDate "2013.11.20"]
[SourceQuality "1"]
[WhiteTeam "Hartberg"]
[BlackTeam "Graz Strassenbahn"]
[WhiteTeamCountry "AUT"]
[BlackTeamCountry "AUT"]

1. e4 d6 2. d4 g6 3. c4 Bg7 4. Nc3 Nf6 5. f3 0-0 6. Be3 Nbd7 7. Qd2 a6 8. g4 c6 9. Nge2 Qc7 10. Ng3 c5 11. g5 cxd4 12. Bxd4 Ne8 13. Bxg7 Nxg7 14. Nd5 Qd8 15. 0-0-0 Nc5 16. h4 f5 17. gxf6 exf6 18. h5 g5 19. h6 Ne8 20. Bh3 b5 21. Ne3 Kh8 22. Kb1 Rf7 23. Qd5 Bxh3 24. Qxf7 Be6 25. Qh5 bxc4 26. Nd5 Nd3 27. Qh2 Bxd5 28. exd5 Qb6 29. Rd2 Rb8 30. Ka1 a5 31. Ne2 Ne5 32. Qg2 Qe3 33. Nc3 Nd3 34. Re2 Qb6 35. Qg1 Qb4 36. Qd4 Ne5 37. f4 gxf4 38. Qxf4 a4 39. a3 Qa5 40. Qg3 Qa7 41. Rg1 Qf7 42. Reg2 Ng6 43. Qg4 Qc7 44. Qd4 Qd7 45. Ne2 Qf5 46. Nf4 Ne7 47. Qa7 Rc8 48. Qxe7 Qxf4 49. Rg8# 1-0

[Event "Graz-chB"]
[Site "Graz"]
[Date "2012.01.28"]
[Round "7"]
[White "Nigg, Roderich"]
[Black "Fabian, Franz"]
[Result "0-1"]
[WhiteElo "1693"]
[BlackElo "1965"]
[PlyCount "64"]
[EventDate "2012.01.13"]
[EventType "swiss"]
[EventRounds "7"]
[EventCountry "AUT"]
[SourceTitle "EXT 2013"]
[Source "ChessBase"]
[SourceDate "2012.11.22"]
[SourceVersion "1"]
[SourceVersionDate "2012.11.22"]
[SourceQuality "1"]

1. e4 d6 2. Nf3 g6 3. d4 Bg7 4. Be3 Nf6 5. Be2 Nxe4 6. 0-0 0-0 7. c3 d5 8. Re1 c6 9. Bd3 Bg4 10. h3 Bxf3 11. Qxf3 f5 12. Nd2 f4 13. Bxf4 g5 14. Nxe4 Rxf4 15. Qh5 dxe4 16. Rxe4 Rxe4 17. Bxe4 h6 18. Qg6 Kf8 19. Re1 Na6 20. Re3 Qd6 21. Rf3+ Bf6 22. Qxh6+ Ke8 23. Bf5 Qd5 24. Re3 Qxf5 25. g4 Qb1+ 26. Kg2 Kd7 27. Qh5 Rf8 28. h4 Rh8 29. Qf7 Rxh4 30. Qe6+ Kc7 31. Re1 Qd3 32. Re3 Qd1 0-1

[Event "Graz-ch"]
[Site "Graz"]
[Date "2011.01.08"]
[Round "2"]
[White "Huber, Martin Christian"]
[Black "Fabian, Franz"]
[Result "1-0"]
[WhiteElo "2053"]
[BlackElo "1983"]
[PlyCount "167"]
[EventDate "2011.01.07"]
[EventType "swiss"]
[EventRounds "7"]
[EventCountry "AUT"]
[SourceTitle "CBM 140 Extra"]
[Source "ChessBase"]
[SourceDate "2011.03.01"]
[SourceVersion "1"]
[SourceVersionDate "2011.03.01"]
[SourceQuality "1"]

1. d4 d6 2. c4 g6 3. Nc3 Bg7 4. e4 Nf6 5. f3 0-0 6. Be3 Nc6 7. Nge2 e5 8. d5 Ne7 9. Qd2 Ne8 10. g4 c6 11. 0-0-0 cxd5 12. cxd5 Bd7 13. Ng3 Qa5 14. Kb1 a6 15. h4 f5 16. gxf5 gxf5 17. Bg5 Nf6 18. Nh5 f4 19. Rg1 Nxh5 20. Bxe7 Rf7 21. Bxd6 Qb6 22. Rg5 Qxd6 23. Rxh5 h6 24. Qg2 Rf6 25. Bd3 Rg6 26. Qf2 Kh7 27. Rf5 Bf6 28. h5 Rg7 29. Rxf4 Kh8 30. Rf5 Rag8 31. Bf1 b5 32. Bh3 b4 33. Ne2 Bxf5 34. Bxf5 Rg2 35. Qe3 Bg5 36. Qd3 Rb8 37. Be6 Qb6 38. d6 Qf2 39. Bc4 Rf8 40. d7 Bd8 41. Qd6 Rf6 42. Qxe5 Qxf3 43. Qe8+ Rf8 44. Qe6 Qxh5 45. Qxa6 Qg5 46. Qd6 Be7 47. Qd4+ Qg7 48. e5 Rg4 49. Qd5 Rg5 50. d8Q Rxd8 51. Qxd8+ Bxd8 52. Rxd8+ Kh7 53. Bd3+ Rg6 54. Rd6 Qxe5 55. Rxg6 Kh8 56. Rxh6+ Kg7 57. Rh7+ Kf6 58. Nc1 Qd4 59. Rc7 Qd6 60. Rc4 Ke7 61. Bc2 Qb6 62. b3 Kd8 63. Ne2 Qf2 64. Nd4 Kd7 65. Nc6 Qf1+ 66. Kb2 Qf6+ 67. Nd4 Qb6 68. Nc6 Qe3 69. Nxb4 Qe5+ 70. Rc3 Kd6 71. Nd3 Qg7 72. b4 Qd4 73. a4 Qg7 74. Nc1 Qd4 75. Na2 Qe5 76. Ka3 Kd7 77. Rc5 Qe3+ 78. Bb3 Kd6 79. a5 Qe2 80. Ka4 Qf1 81. Rc4 Qe2 82. a6 Qe8+ 83. b5 Qd8 84. Rd4+ 1-0

[Event "Graz-ch"]
[Site "Graz"]
[Date "2010.01.08"]
[Round "1"]
[White "Nickl, Klaus"]
[Black "Fabian, Franz"]
[Result "1-0"]
[WhiteElo "2183"]
[BlackElo "1990"]
[PlyCount "77"]
[EventDate "2010.01.08"]
[EventType "swiss"]
[EventRounds "7"]
[EventCountry "AUT"]
[SourceTitle "CBM 134 Extra"]
[Source "ChessBase"]
[SourceDate "2010.03.03"]
[SourceVersion "1"]
[SourceVersionDate "2010.03.03"]
[SourceQuality "1"]

1. d4 d6 2. c4 g6 3. e4 Bg7 4. Nc3 Nf6 5. Be2 0-0 6. Nf3 Nbd7 7. 0-0 e5 8. d5 h6 9. Nd2 Nh7 10. b4 Ndf6 11. Nb3 Ne8 12. c5 f5 13. a4 f4 14. a5 Qh4 15. cxd6 cxd6 16. Nd2 Qf6 17. Ba3 Bd7 18. Rc1 Rf7 19. Nb5 Bf8 20. Nc7 Rb8 21. b5 Ng5 22. b6 axb6 23. axb6 f3 24. Bxf3 Nxf3+ 25. Qxf3 Qg5 26. Qe3 Qf6 27. Nxe8 Bxe8 28. Rc7 Be7 29. Rfc1 Ra8 30. Rc8 Rxc8 31. Rxc8 Bd8 32. Nc4 Qh4 33. Bxd6 Bb5 34. Nxe5 Qf6 35. Nxf7 Kxf7 36. e5 Qf5 37. e6+ Ke8 38. Qc1 Qxd5 39. Rxd8+ 1-0